El caleidoscopio de las justicias en Colombia : (Registro nro. 7017)
[ vista simple ]
| 000 -LEADER | |
|---|---|
| fixed length control field | 01160cam a22002894a 4500 |
| 001 - CONTROL NUMBER | |
| control field | 12544908 |
| 003 - CONTROL NUMBER IDENTIFIER | |
| control field | OSt |
| 005 - DATE AND TIME OF LATEST TRANSACTION | |
| control field | 20201123144042.0 |
| 008 - FIXED-LENGTH DATA ELEMENTS--GENERAL INFORMATION | |
| fixed length control field | 010718s2001 ck a b 000 0 spa |
| 020 ## - INTERNATIONAL STANDARD BOOK NUMBER | |
| International Standard Book Number | 9586650359 (obra completa) |
| 020 ## - INTERNATIONAL STANDARD BOOK NUMBER | |
| International Standard Book Number | 9586650367 (t. 1) |
| 020 ## - INTERNATIONAL STANDARD BOOK NUMBER | |
| International Standard Book Number | 9586650375 (t. 2) |
| 035 ## - SYSTEM CONTROL NUMBER | |
| System control number | (BoCbEI)ei 0102M0236 |
| 040 ## - CATALOGING SOURCE | |
| Original cataloging agency | DLC |
| Transcribing agency | CO-JMCR |
| 041 ## - LANGUAGE CODE | |
| Language code of text/sound track or separate title | spa |
| 082 04 - DEWEY DECIMAL CLASSIFICATION NUMBER | |
| Classification number | 340.115 / |
| Item number | S237c |
| Edition number | 23 |
| 100 1# - MAIN ENTRY--PERSONAL NAME | |
| Personal name | Santos, Boaventura de Sousa, |
| Relator term | autor |
| 9 (RLIN) | 1797 |
| 245 13 - TITLE STATEMENT | |
| Title | El caleidoscopio de las justicias en Colombia : |
| Remainder of title | análisis socio-jurídico / |
| Statement of responsibility, etc. | Boaventura de Sousa Santos, Mauricio García Villegas. |
| 260 ## - PUBLICATION, DISTRIBUTION, ETC. | |
| Place of publication, distribution, etc. | Bogotá : |
| Name of publisher, distributor, etc. | Colciencias : |
| Date of publication, distribution, etc. | 2001. |
| 300 ## - PHYSICAL DESCRIPTION | |
| Extent | 2 v. : |
| Other physical details | ilustraciones, gráficos a blanco y negro |
| Dimensions | 24 cm. |
| 504 ## - BIBLIOGRAPHY, ETC. NOTE | |
| Bibliography, etc. note | bibliografía: páginas 493-541. |
| 505 0# - FORMATTED CONTENTS NOTE | |
| Formatted contents note | Marco teórico -- Contexto histórico, social y político de la justicia -- La justicia oficial -- La justicia multicultural -- La justicia comunitaria |
| 650 24 - SUBJECT ADDED ENTRY--TOPICAL TERM | |
| Topical term or geographic name entry element | Jurisprudencia sociológica |
| Geographic subdivision | Colombia |
| 9 (RLIN) | 12422 |
| 650 24 - SUBJECT ADDED ENTRY--TOPICAL TERM | |
| Topical term or geographic name entry element | Justicia, Administración de |
| Geographic subdivision | Colombia |
| 9 (RLIN) | 12423 |
| 700 1# - ADDED ENTRY--PERSONAL NAME | |
| Personal name | García Villegas, Mauricio. |
| Relator term | autor |
| 9 (RLIN) | 3041 |
| 942 ## - ADDED ENTRY ELEMENTS (KOHA) | |
| Source of classification or shelving scheme | Dewey Decimal Classification |
| Koha item type | Books |
| Withdrawn status | Lost status | Source of classification or shelving scheme | Damaged status | Not for loan | Home library | Current library | Shelving location | Date acquired | Source of acquisition | Total Checkouts | Full call number | Barcode | Date last seen | Copy number | Price effective from | Koha item type |
|---|---|---|---|---|---|---|---|---|---|---|---|---|---|---|---|---|
| Dewey Decimal Classification | Biblioteca Pública José María del Castillo y Rada | Biblioteca Pública José María del Castillo y Rada | General Stacks | 04/15/2018 | Donación | 340.115 / S237c | 201810219 | 05/16/2024 | V.1 / Ej.1 | 04/15/2018 | Books | |||||
| Dewey Decimal Classification | Biblioteca Pública José María del Castillo y Rada | Biblioteca Pública José María del Castillo y Rada | General Stacks | 04/15/2018 | Donación | 340.115 / S237c | 201810220 | 05/16/2024 | V.2 / Ej.1 | 04/15/2018 | Books |